000 00592nam a2200193Ia 4500
005 20250326144125.0
008 250326s9999 xx 000 0 und d
020 _a978-159904129-2
037 _aTextbook
040 _aFMSL
_beng
_cFMSL
041 _aeng
_2eng
084 _aX:8y7 P07
_qFMSL
100 _aMacgregor S P
_9749082
245 0 _aHigher creativity for virtual teams : developing platforms for co creation
_cMacgregor S P
260 _aNY
_bNY, Information Science Reference
_c2007
300 _axxii,351
942 _cTB
_hX:8y7 P07
999 _c1302447
_d1302447